Дело о предоставлении бывшему режиссеру Бок Александринского театра для устройства немецких спектаклей в Великом посту

Доступно только в Электронных читальных залах Найти на картеНа карте
RUSMARC
00003742nmc2a22002413x 450
00174a9c117-cfc3-4247-b02a-c8017671d93a
00520201007085233.0
100##$a20200225l18901911k l0rusy0189 ca
1010#$arus
102##$aRU
105##$ay###
1222#$ad
2001#$aДело о предоставлении бывшему режиссеру Бок Александринского театра для устройства немецких спектаклей в Великом посту
$j14 февраля 1890 г. - 26 февраля 1911 г.
215##$a195 л.
$d36,5х26 см
251##$cДело
300##$aНа бланке обложки указано: "Дело Санкт-Петербургской конторы императорских театров"
371##$aДокумент не является опубликованным и широко распространяемым
461#0$10019264ebf8-de62-4f1a-9eb4-9f22098dbbd5
$12001
$aДирекция императорских театров МИДв
$1251
$cФонд
$1852
$j497
462#0$10016d2858c7-947f-46a8-934e-c3d97596ebca
$12001
$aДирекция императорских театров (1879-1918 гг.)
$1251
$cОпись
$1852
$j6
801#0$aRU
$bРГИА
$c20200225
$gRCR
801#1$aRU
$bГлавНИВЦ
$c20200225
$2rusmarc
801#2$aRU
$bПБ им. Б.Н. Ельцина
$c20201007
$gRCR
$2rusmarc
850##$aРГИА
852##$aРГИА
$eФедеральное казенное учреждение "Российский государственный исторический архив" (РГИА)
$j4049
937##$hРГИА
$d12339035
$aASBIBLIO_SCAN
035##$aRusGRCC00001519
856##$uhttp://readingroom.main.prlib.ru/item.aspx?id_node=n147691406&mode=full
Формат отображения